[Event "PRO League Central 2017"]
[Site "chess.com INT"]
[Date "2017.01.25"]
[Round "3"]
[White "Sebastian, Dirk"]
[Black "Warmerdam, Max"]
[Result "0-1"]
[BlackTitle "FM"]
[WhiteElo "2445"]
[BlackElo "2350"]
[WhiteTeam "Hamburg Swashbucklers"]
[BlackTeam "Apeldoorn Apes"]
[WhiteFideId "4637607"]
[BlackFideId "1048104"]
[EventDate "2017.01.11"]

1. e4 c5 2. Nc3 d6 3. f4 g6 4. Nf3 Bg7 5. Bc4 Nc6 6. O-O e6 7. d3 Nge7 8. Qe1
O-O 9. f5 gxf5 10. Qh4 fxe4 11. dxe4 Ng6 12. Qh5 Nce5 13. Be2 Nxf3+ 14. Bxf3 Qh4
15. Qxh4 Nxh4 16. Bf4 Be5 17. Bxe5 dxe5 18. Rad1 b6 19. Be2 Bb7 20. Rd7 Bc6 21.
Rc7 Be8 22. a4 Ng6 23. Bc4 Nf4 24. g3 Nh5 25. Nb5 Bxb5 26. axb5 Ng7 27. Ra1 Ne8
28. Rcxa7 Rxa7 29. Rxa7 Nd6 30. b3 Rd8 31. Bd3 Kf8 32. Kf2 Ke8 33. Ke3 Rd7 34.
Ra6 Nc8 35. Ra1 Ra7 36. Ra4 Rxa4 37. bxa4 Nd6 38. g4 Nb7 39. g5 Na5 40. Be2 Kf8
41. Kf3 Kg7 42. Kg4 Nb7 43. Bd3 Nd6 44. c4 Nb7 45. h4 Na5 46. h5 f6 47. gxf6+
Kxf6 48. Be2 h6 49. Bd3 Ke7 50. Be2 Kd6 51. Kf3 Nb3 52. Ke3 Ke7 53. Bd1 Na5 54.
Be2 Kf6 55. Kd3 Kg5 56. Bd1 Kf4 57. Be2 Nb7 58. Bf1 Nd6 59. Bh3 Nxe4 60. Bxe6
Nd6 61. Bd5 e4+ 62. Ke2 Kg5 63. Ke3 Kxh5 64. Bxe4 Nxc4+ 65. Kf4 Kh4 66. Bd5 Na5
67. Kf3 h5 68. Kf4 Kh3 69. Be6+ Kh2 70. Kg5 Kg3 71. Kxh5 Kf4 72. Kg6 Ke5 73. Bf7
c4 74. Kg5 c3 75. Bg6 Kd4 76. Kf4 Kc4 77. Ke3 Kb3 78. Ke2 Kxa4 79. Kd3 Kb3 0-1

[Event "PRO League Central 2017"]
[Site "chess.com INT"]
[Date "2017.01.25"]
[Round "3"]
[White "Collins, Sam E."]
[Black "Perez, Flavio"]
[Result "0-1"]
[WhiteTitle "IM"]
[WhiteElo "2455"]
[BlackElo "2304"]
[WhiteTeam "Dublin Desperados"]
[BlackTeam "Cannes Blockbusters"]
[WhiteFideId "2501198"]
[BlackFideId "623911"]
[EventDate "2017.01.11"]

1. e4 c5 2. c3 Nf6 3. e5 Nd5 4. Nf3 Nc6 5. Bc4 Nb6 6. Bb3 d6 7. exd6 Qxd6 8. Na3
a6 9. O-O e6 10. Qe2 Be7 11. Rd1 Bf6 12. d4 cxd4 13. Nc2 O-O 14. Ncxd4 Nxd4 15.
Nxd4 Qc7 16. Qf3 Nc4 17. a4 e5 18. Nf5 Bxf5 19. Qxf5 Qc6 20. Qd7 Rac8 21. Qxc6
Rxc6 22. Rd7 Rd8 23. Rxd8+ Bxd8 24. Kf1 Bf6 25. f3 g6 26. Ke2 Kg7 27. Bc2 h5 28.
Be4 Rc7 29. a5 Be7 30. Ra4 f5 31. Bd3 Nd6 32. Be3 f4 33. Bb6 Rd7 34. Ra1 Kf6 35.
Rd1 Bd8 36. Bxd8+ Rxd8 37. Be4 g5 38. c4 Ke7 39. Bd5 Rc8 40. b3 Rc7 41. Kd3 Nf5
42. Re1 Kf6 43. Re2 Ne3 44. Be4 Rd7+ 45. Kc3 Nd1+ 46. Kc2 Ne3+ 47. Kc3 Nd1+ 48.
Kb4 g4 49. c5 Rd4+ 50. Ka3 Nc3 51. Re1 Nxe4 52. fxe4 Rd2 53. b4 Ke6 54. b5 axb5
55. Kb4 Rb2+ 56. Ka3 Rxg2 57. Rd1 Rxh2 58. c6 bxc6 59. a6 Rc2 60. a7 Rc4 61.
a8=Q Ra4+ 62. Qxa4 bxa4 63. Kb4 h4 64. Kc5 g3 65. Kxc6 h3 66. Kc7 g2 67. Rd6+
Ke7 68. Rg6 f3 69. Rg5 Ke6 70. Rg6+ Kf7 71. Rg3 h2 72. Rxf3+ Ke6 73. Rh3 h1=Q 0-1

[Event "PRO League Central 2017"]
[Site "chess.com INT"]
[Date "2017.01.25"]
[Round "3"]
[White "Collins, Sam E."]
[Black "Kazhgaleyev, Murtas"]
[Result "1-0"]
[WhiteTitle "IM"]
[BlackTitle "GM"]
[WhiteElo "2455"]
[BlackElo "2594"]
[WhiteTeam "Dublin Desperados"]
[BlackTeam "Cannes Blockbusters"]
[WhiteFideId "2501198"]
[BlackFideId "13700316"]
[EventDate "2017.01.11"]

1. e4 e5 2. Nc3 Nf6 3. g3 d5 4. exd5 Nxd5 5. Bg2 Nxc3 6. bxc3 Bd6 7. Nf3 O-O 8.
O-O Nc6 9. d4 exd4 10. cxd4 Bg4 11. h3 Bh5 12. Rb1 Rb8 13. c4 Bg6 14. Rb2 Ba3
15. Rxb7 Rxb7 16. Bxa3 Re8 17. Ne5 Nxe5 18. Bxb7 Nxc4 19. Bc5 Qd7 20. Re1 Rxe1+
21. Qxe1 Nb6 22. Qa5 h5 23. Qxa7 Qxh3 24. Bxb6 cxb6 25. Qxb6 Kh7 26. Bg2 Qg4 27.
Qd6 Qd1+ 28. Kh2 Qc2 29. Qf4 Qxa2 30. d5 Qc2 31. d6 Bf5 32. d7 Qd3 33. d8=Q Qxd8
34. Qxf5+ Kg8 35. Qxh5 Qf6 36. Qf3 Qd4 37. Qa8+ Kh7 38. Qe4+ 1-0

[Event "PRO League Central 2017"]
[Site "chess.com INT"]
[Date "2017.01.25"]
[Round "3"]
[White "Admiraal, Miguoel"]
[Black "Gozzoli, Yannick"]
[Result "1/2-1/2"]
[WhiteTitle "IM"]
[BlackTitle "GM"]
[WhiteElo "2441"]
[BlackElo "2583"]
[WhiteTeam "Amsterdam Mosquitos"]
[BlackTeam "Marseille Migraines"]
[WhiteFideId "1019716"]
[BlackFideId "616915"]
[EventDate "2017.01.11"]

1. e4 e5 2. Nf3 Nc6 3. Bc4 Nf6 4. d3 Bc5 5. O-O O-O 6. h3 d6 7. c3 Bb6 8. Re1
Ne7 9. a4 c6 10. Bb3 Ng6 11. d4 exd4 12. cxd4 d5 13. e5 1/2-1/2

[Event "PRO League Central 2017"]
[Site "chess.com INT"]
[Date "2017.01.25"]
[Round "3"]
[White "Admiraal, Miguoel"]
[Black "Moussard, Jules"]
[Result "0-1"]
[WhiteTitle "IM"]
[BlackTitle "GM"]
[WhiteElo "2441"]
[BlackElo "2576"]
[WhiteTeam "Amsterdam Mosquitos"]
[BlackTeam "Marseille Migraines"]
[WhiteFideId "1019716"]
[BlackFideId "642908"]
[EventDate "2017.01.11"]

1. e4 g6 2. d4 Bg7 3. Nf3 d6 4. Bd3 Nc6 5. c3 e5 6. dxe5 dxe5 7. O-O Nf6 8. Qe2
O-O 9. Rd1 Qe7 10. b3 Rd8 11. Ba3 Qe8 12. Nbd2 Nh5 13. g3 Bg4 14. Nf1 h6 15. Ne3
Be6 16. Bc4 Nf6 17. Bxe6 Qxe6 18. Qc2 a5 19. Kg2 a4 20. h3 Rxd1 21. Nxd1 Bf8 22.
Bxf8 axb3 23. Qb2 Kxf8 24. axb3 Rxa1 25. Qxa1 Qxb3 26. Qc1 Kg7 27. Nd2 Qa2 28.
Ne3 Na5 29. Ng4 Nxg4 30. hxg4 Nc4 31. Nxc4 Qxc4 32. Qe3 b5 33. f3 c5 34. f4 b4
35. cxb4 cxb4 36. fxe5 b3 37. Qf4 Qc6 38. Qe3 b2 39. Qd3 Qc1 40. e6 b1=Q 41.
Qd4+ Kh7 42. exf7 Qf1+ 43. Kh2 Qh1# 0-1

[Event "PRO League Central 2017"]
[Site "chess.com INT"]
[Date "2017.01.25"]
[Round "3"]
[White "Arkell, Keith C"]
[Black "Lapite, Oluwadurotimi"]
[Result "1-0"]
[WhiteTitle "GM"]
[WhiteElo "2438"]
[BlackElo "2067"]
[WhiteTeam "London Towers"]
[BlackTeam "Lagos Leatherbacks"]
[WhiteFideId "400270"]
[BlackFideId "8503648"]
[EventDate "2017.01.11"]

1. d4 Nf6 2. Nf3 d5 3. c4 e6 4. cxd5 exd5 5. Nc3 Be7 6. Bg5 c6 7. e3 Bg4 8. Be2
Nbd7 9. O-O O-O 10. Ne1 Bxe2 11. Nxe2 h6 12. Bxf6 Nxf6 13. Nd3 Bd6 14. Nef4 Re8
15. b4 Ne4 16. Qg4 Qg5 17. Qxg5 hxg5 18. Ne2 a5 19. a3 Nd2 20. Rfd1 Nc4 21. g3
g4 22. Kg2 g5 23. Rdb1 b5 24. a4 axb4 25. axb5 cxb5 26. Rxa8 Rxa8 27. Nec1 Ra4
28. h3 gxh3+ 29. Kxh3 Kg7 30. g4 Kg6 31. Nb3 f5 32. Nbc5 Ra8 33. gxf5+ Kxf5 34.
Rxb4 Rh8+ 35. Kg2 Rh2+ 36. Kf1 Kg4 37. Ke2 Bxc5 38. dxc5 Kf5 39. Rxb5 Ke4 40. c6
g4 41. c7 g3 42. c8=Q 1-0

[Event "PRO League Central 2017"]
[Site "chess.com INT"]
[Date "2017.01.25"]
[Round "3"]
[White "Beerdsen, Thomas"]
[Black "Feuerstack, Aljoscha"]
[Result "1/2-1/2"]
[WhiteTitle "FM"]
[BlackTitle "IM"]
[WhiteElo "2413"]
[BlackElo "2449"]
[WhiteTeam "Apeldoorn Apes"]
[BlackTeam "Hamburg Swashbucklers"]
[WhiteFideId "1030108"]
[BlackFideId "4681932"]
[EventDate "2017.01.11"]

1. e4 c5 2. Nf3 e6 3. b3 b6 4. Bd3 Bb7 5. O-O Be7 6. Bb2 Nf6 7. e5 Nh5 8. Re1
Nf4 9. Be4 Nc6 10. d4 f5 11. exf6 Bxf6 12. Qc1 Ng6 13. d5 Na5 14. dxe6 O-O 15.
Bxb7 Nxb7 16. Nc3 dxe6 17. Rxe6 Qd7 18. Re1 Nd6 19. Nd5 Bxb2 20. Qxb2 Rxf3 21.
gxf3 Qh3 22. Ne7+ Nxe7 23. Rxe7 Nf5 24. Re4 Rd8 25. Qe5 Nd4 26. Qg3 Qf5 27. Qg4
Qf6 28. Kg2 Rd5 29. Qc8+ Rd8 30. Qg4 Rd5 31. Qc8+ Rd8 32. Qg4 Rd5 1/2-1/2

[Event "PRO League Central 2017"]
[Site "chess.com INT"]
[Date "2017.01.25"]
[Round "3"]
[White "Beerdsen, Thomas"]
[Black "Burg, Twan"]
[Result "1/2-1/2"]
[WhiteTitle "FM"]
[BlackTitle "GM"]
[WhiteElo "2413"]
[BlackElo "2508"]
[WhiteTeam "Apeldoorn Apes"]
[BlackTeam "Hamburg Swashbucklers"]
[WhiteFideId "1030108"]
[BlackFideId "1010697"]
[EventDate "2017.01.11"]

1. e4 c5 2. Nf3 d6 3. Bb5+ Nd7 4. O-O a6 5. Bd3 Ngf6 6. Re1 e6 7. c3 b5 8. a4
Bb7 9. Na3 b4 10. cxb4 cxb4 11. Nc2 Nc5 12. Bf1 b3 13. Ncd4 Bxe4 14. Nxb3 Nxb3
15. Qxb3 Be7 16. Bxa6 O-O 17. Bb5 Bd5 18. Qe3 Ne4 19. d3 Nc5 20. d4 Nb3 21. Ra3
Nxc1 22. Rxc1 Bf6 23. Bc6 Bxf3 24. Bxf3 Bg5 25. Qc3 Bxc1 26. Bxa8 Bxb2 27. Qxb2
Qxa8 28. a5 Rb8 29. Rb3 Rc8 30. Rc3 Rb8 31. Rb3 Rc8 32. Ra3 Rb8 33. Rb3 1/2-1/2

[Event "PRO League Central 2017"]
[Site "chess.com INT"]
[Date "2017.01.25"]
[Round "3"]
[White "Fernandez, Daniel Howard"]
[Black "Agrest, Evgenij"]
[Result "1/2-1/2"]
[WhiteTitle "IM"]
[BlackTitle "GM"]
[WhiteElo "2473"]
[BlackElo "2593"]
[WhiteTeam "London Lions"]
[BlackTeam "Stockholm Snowballs"]
[WhiteFideId "5801605"]
[BlackFideId "1705024"]
[EventDate "2017.01.11"]

1. d4 d5 2. Nf3 Nf6 3. c4 c6 4. e3 a6 5. a4 Bg4 6. Qb3 Qc7 7. Ne5 Bf5 8. Bd3
Bxd3 9. Nxd3 e6 10. Qc2 Nbd7 11. b3 Be7 12. O-O O-O 13. Nd2 Rac8 14. Bb2 Qb8 15.
Rfb1 Rfe8 16. b4 Bd6 17. Nf3 Ne4 18. c5 Bf8 19. b5 cxb5 20. axb5 axb5 21. Qb3 b6
22. Qxb5 Qc7 23. cxb6 Nxb6 24. Nde5 Nc4 25. Nxc4 dxc4 26. Qe5 Qxe5 27. Nxe5 f6
28. Nd7 Rc7 29. Nxf8 Rxf8 30. Bc1 f5 31. Rb6 Kf7 32. Kf1 Rd8 33. Raa6 e5 34. Rc6
Rxc6 35. Rxc6 exd4 36. exd4 Rxd4 37. Be3 Rd1+ 38. Ke2 Rh1 39. Rxc4 Rxh2 40. Rc7+
Kf8 41. Rc8+ Kf7 42. Rc7+ Kg6 43. Bd4 Nf6 44. g3 f4 45. gxf4 Rg2 46. Kf3 Rg1 47.
Bxf6 Kxf6 48. Rc6+ Kf5 49. Rc5+ Kg6 50. Rc6+ Kh5 51. Rc7 Kh4 52. f5 h5 53. Kf4
Kh3 54. Rc3+ Kh2 55. Rg3 Rxg3 56. fxg3 Kg2 57. Kg5 Kxg3 58. Kxh5 Kf4 59. Kg6 Ke5
60. Kg5 Ke4 61. Kg6 Ke5 62. Kg5 Ke4 63. Kg6 Kf4 64. Kh7 Kxf5 65. Kxg7 1/2-1/2

[Event "PRO League Central 2017"]
[Site "chess.com INT"]
[Date "2017.01.25"]
[Round "3"]
[White "Haria, Ravi"]
[Black "Meier, Georg"]
[Result "0-1"]
[WhiteTitle "FM"]
[BlackTitle "GM"]
[WhiteElo "2382"]
[BlackElo "2630"]
[WhiteTeam "London Lions"]
[BlackTeam "Stockholm Snowballs"]
[WhiteFideId "415820"]
[BlackFideId "4675789"]
[EventDate "2017.01.11"]

1. Nf3 d5 2. g3 Bg4 3. Bg2 Nd7 4. O-O e6 5. d3 Bd6 6. Qe1 Ne7 7. e4 c5 8. b3 O-O
9. Bb2 Nc6 10. h3 Bh5 11. Nbd2 Re8 12. Qe3 d4 13. Qg5 Qxg5 14. Nxg5 f6 15. Ngf3
e5 16. Nc4 Bf8 17. a4 Bf7 18. Nfd2 b6 19. f4 a6 20. fxe5 fxe5 21. Nf3 h6 22. h4
Be6 23. Kh2 b5 24. axb5 axb5 25. Na3 Ra5 26. Bh3 Bxh3 27. Kxh3 Rea8 28. Nxb5 Ra2
29. Nd2 R8a5 30. Rxa2 Rxa2 31. Nc4 Nb4 32. Nba3 h5 33. g4 hxg4+ 34. Kxg4 g6 35.
h5 gxh5+ 36. Kf5 Bg7 37. Rf2 Kf7 38. Rg2 Bf6 39. Nb5 h4 40. Nbd6+ Ke7 41. Kg4
Ke6 42. Nf5 Nb6 43. Nxb6 Rxb2 44. Na4 Rxc2 45. Rxc2 Nxc2 46. Nxc5+ Kf7 47. Nd6+
Ke7 48. Nf5+ Kd8 49. Nxh4 Be7 50. Ne6+ Kd7 51. Ng7 Bxh4 52. Kxh4 Nb4 53. Kg4
Nxd3 54. Kf3 Kc6 55. Ke2 Nc5 56. Kf3 Nxb3 57. Ke2 Kb5 58. Nf5 Kc4 59. Nd6+ Kc3
60. Nf7 d3+ 61. Kd1 Kd4 62. Ng5 Nc5 63. Ke1 Ke3 64. Nf7 Nxe4 65. Nxe5 d2+ 0-1

[Event "PRO League Central 2017"]
[Site "chess.com INT"]
[Date "2017.01.25"]
[Round "3"]
[White "Haria, Ravi"]
[Black "Diamant, Andre"]
[Result "0-1"]
[WhiteTitle "FM"]
[BlackTitle "GM"]
[WhiteElo "2382"]
[BlackElo "2515"]
[WhiteTeam "London Lions"]
[BlackTeam "Stockholm Snowballs"]
[WhiteFideId "415820"]
[BlackFideId "2108356"]
[EventDate "2017.01.11"]

1. Nf3 Nf6 2. g3 g6 3. b3 Bg7 4. Bb2 O-O 5. Bg2 c5 6. O-O d5 7. c4 d4 8. e3 Nc6
9. exd4 cxd4 10. d3 Nd7 11. Re1 Nc5 12. Ba3 Qb6 13. Qe2 Bf5 14. Rd1 a5 15. Nh4
Be6 16. Nd2 Nb4 17. Ne4 Nxe4 18. Bxe4 Ra7 19. Bc1 a4 20. bxa4 Rxa4 21. Rb1 Qc7
22. a3 Nc6 23. Rb5 Bd7 24. Bg2 Nd8 25. Bf4 Qc8 26. Rb3 e5 27. Bd2 Bc6 28. Rdb1
Re8 29. Bg5 Ne6 30. Bc1 Bxg2 31. Nxg2 Nc5 32. Rb4 e4 33. dxe4 d3 34. Qa2 Rxb4
35. axb4 Nxe4 36. Bb2 Bxb2 37. Qxb2 Qxc4 38. Ne3 Qe6 39. Qd4 Nd2 40. Qxd3 Nxb1
41. Qxb1 Qe4 42. Qb3 Rc8 43. Qb2 Qd3 44. Kg2 Qe4+ 45. Kg1 Qd3 46. Kg2 Qc3 47.
Qb1 Qc6+ 48. f3 Re8 49. Ng4 h5 50. Nh6+ Kg7 51. Nf5+ gxf5 52. Qxf5 Re2+ 53. Kf1
Re8 54. Qg5+ Qg6 55. Qd2 Qb1+ 56. Kg2 Qf5 57. Qd4+ Kh7 58. Qb6 Re2+ 59. Kg1 Qb1# 0-1

[Event "PRO League Central 2017"]
[Site "chess.com INT"]
[Date "2017.01.25"]
[Round "3"]
[White "Gunnarsson, Jon Viktor"]
[Black "Kigigha, Bomo"]
[Result "1-0"]
[WhiteTitle "IM"]
[BlackTitle "FM"]
[WhiteElo "2450"]
[BlackElo "2339"]
[WhiteTeam "Reykjavik Puffins"]
[BlackTeam "Abuja Rockstars"]
[WhiteFideId "2300931"]
[BlackFideId "8500037"]
[EventDate "2017.01.11"]

1. e4 c5 2. Nf3 Nc6 3. Bb5 Qb6 4. Nc3 e6 5. O-O Nge7 6. Re1 a6 7. Bxc6 Nxc6 8.
b3 Be7 9. Ba3 O-O 10. e5 Qc7 11. Bb2 f5 12. d4 cxd4 13. Nb1 Bc5 14. Nbd2 b5 15.
Rc1 Bb7 16. c3 dxc3 17. Rxc3 Qb6 18. Re2 Nd4 19. Nxd4 Bxd4 20. Rc2 Bxb2 21. Rxb2
Qc6 22. Nf3 Rac8 23. Rbd2 Rfd8 24. h4 Qc1 25. Re1 Qxd1 26. Rexd1 Bxf3 27. gxf3
Rc3 28. Kg2 Rc7 29. Rd6 Kf7 30. Rxa6 Ke7 31. Ra5 Rc5 32. f4 Rdc8 33. Rd4 R8c7
34. Rb4 Rb7 35. Ra8 d6 36. exd6+ Kxd6 37. a4 Kc6 38. a5 Rd7 39. Ra6+ Kd5 40. Rb6
Ra7 41. a6 e5 42. fxe5 Kxe5 43. R4xb5 Kd5 44. b4 Rxb5 45. Rxb5+ Kc6 46. Rxf5 1-0

[Event "PRO League Central 2017"]
[Site "chess.com INT"]
[Date "2017.01.25"]
[Round "3"]
[White "Gunnarsson, Jon Viktor"]
[Black "Sorungbe, Ademola"]
[Result "1-0"]
[WhiteTitle "IM"]
[BlackTitle "CM"]
[WhiteElo "2450"]
[BlackElo "2234"]
[WhiteTeam "Reykjavik Puffins"]
[BlackTeam "Abuja Rockstars"]
[WhiteFideId "2300931"]
[BlackFideId "8500223"]
[EventDate "2017.01.11"]

1. e4 e5 2. Bc4 Nf6 3. Nc3 Bc5 4. d3 d6 5. Na4 Bb4+ 6. c3 Ba5 7. b4 Bb6 8. Nxb6
axb6 9. f4 exf4 10. Bxf4 d5 11. exd5 O-O 12. Qf3 Re8+ 13. Kd2 Nbd7 14. Nh3 Ne5
15. Bxe5 Rxe5 16. Rhe1 Bg4 17. Qf4 Rxe1 18. Rxe1 Bxh3 19. gxh3 Nxd5 20. Qe5 Nf6
21. Qe7 Qe8 22. Qxc7 1-0

[Event "PRO League Central 2017"]
[Site "chess.com INT"]
[Date "2017.01.25"]
[Round "3"]
[White "Kazhgaleyev, Murtas"]
[Black "O'Donnell, Conor"]
[Result "1/2-1/2"]
[WhiteTitle "GM"]
[BlackTitle "FM"]
[WhiteElo "2594"]
[BlackElo "2342"]
[WhiteTeam "Cannes Blockbusters"]
[BlackTeam "Dublin Desperados"]
[WhiteFideId "13700316"]
[BlackFideId "2504243"]
[EventDate "2017.01.11"]

1. d4 d5 2. c4 e6 3. Nc3 c6 4. cxd5 exd5 5. Qc2 g6 6. Bf4 Bf5 7. Qd2 Nd7 8. e3
Ngf6 9. Nge2 Nh5 10. h3 Nxf4 11. Nxf4 Bd6 12. g4 Bxf4 13. gxf5 Bd6 14. Bd3 Qf6
15. Qc2 Bb4 16. O-O-O Bxc3 17. bxc3 O-O-O 18. e4 dxe4 19. Bxe4 Nb6 20. Rhe1 Qd6
21. Kb1 Rhe8 22. Ka1 Re7 23. Re2 Rde8 24. Rde1 Kb8 25. Bd3 Nd5 26. Kb2 c5 27.
Rxe7 Rxe7 28. Rxe7 Nxe7 29. fxg6 hxg6 30. Qa4 Nc6 31. Qa3 b6 32. Bb5 Qf6 33.
dxc5 Qxf2+ 34. Kb1 Qf5+ 35. Kc1 Qf4+ 36. Kb2 Qd2+ 37. Kb1 Qe1+ 38. Kc2 Qf2+ 39.
Kc1 Qe1+ 1/2-1/2

[Event "PRO League Central 2017"]
[Site "chess.com INT"]
[Date "2017.01.25"]
[Round "3"]
[White "Gozzoli, Yannick"]
[Black "Ducarmon, Quinten"]
[Result "1-0"]
[WhiteTitle "GM"]
[BlackTitle "IM"]
[WhiteElo "2583"]
[BlackElo "2468"]
[WhiteTeam "Marseille Migraines"]
[BlackTeam "Amsterdam Mosquitos"]
[WhiteFideId "616915"]
[BlackFideId "1025007"]
[EventDate "2017.01.11"]

1. d4 d5 2. Nf3 Nf6 3. Bf4 c5 4. e3 Nc6 5. c3 Qb6 6. Qb3 c4 7. Qc2 Bf5 8. Qc1
Nh5 9. Bg3 h6 10. Nbd2 e6 11. Be2 Nxg3 12. hxg3 Qc7 13. Bd1 Be7 14. Bc2 b5 15.
e4 dxe4 16. Bxe4 Bxe4 17. Nxe4 Rd8 18. a4 b4 19. Qe3 e5 20. O-O O-O 21. Rad1
bxc3 22. bxc3 exd4 23. cxd4 Nb4 24. Nc3 Rfe8 25. Qe5 Bd6 26. Qf5 Nd3 27. Rb1 a6
28. Rfd1 g6 29. Qh3 Kg7 30. Nd5 Qc6 31. Ne3 Re5 32. dxe5 1-0

[Event "PRO League Central 2017"]
[Site "chess.com INT"]
[Date "2017.01.25"]
[Round "3"]
[White "Gozzoli, Yannick"]
[Black "Dek, Lennart"]
[Result "1-0"]
[WhiteTitle "GM"]
[WhiteElo "2583"]
[BlackElo "2288"]
[WhiteTeam "Marseille Migraines"]
[BlackTeam "Amsterdam Mosquitos"]
[WhiteFideId "616915"]
[BlackFideId "1013114"]
[EventDate "2017.01.11"]

1. d4 Nf6 2. Nf3 e6 3. Bg5 h6 4. Bxf6 Qxf6 5. e4 d6 6. c3 Nd7 7. a4 g5 8. Na3
Bg7 9. a5 a6 10. Nc4 Qe7 11. Bd3 O-O 12. O-O e5 13. Ne3 Nf6 14. Re1 Re8 15. Bc2
Qf8 16. d5 c6 17. c4 Rb8 18. Nd2 Bd7 19. Ndf1 Rec8 20. Ng3 Qd8 21. b3 b5 22.
axb6 Rxb6 23. Qd2 Rcb8 24. Ra3 Bc8 25. Nef5 Bf8 26. Qe2 Nd7 27. Qh5 Qf6 28. h4
Nc5 29. Re3 Qg6 30. Qg4 f6 31. Rf3 a5 32. Kh2 a4 33. bxa4 Rb2 34. Rfc3 Kh7 35.
a5 gxh4 36. Qxh4 Qg5 37. Qxg5 hxg5 38. dxc6 Kg6 39. Ne3 Na6 40. Nd5 Nb4 41. Rab3
Nxc6 42. Rxb8 Rxb8 43. Bd1 g4 44. Ra3 Ra8 45. Nb6 Rb8 46. Nxc8 Rxc8 47. Bxg4 Ra8
48. a6 d5 49. Bf5+ Kf7 50. Ra4 Nb4 51. cxd5 Rxa6 52. Rxa6 Nxa6 53. Be6+ Kg6 54.
Kh3 Nc5 55. Kg4 Nd3 56. Kf3 Nf4 57. Nf5 Bb4 58. g3 Nh3 59. Nh4+ Kg7 60. Bxh3 Kf8
61. Be6 Ke7 62. Nf5+ Kf8 63. Kg4 Bc5 64. f3 Bf2 65. Kh5 Be1 66. Kg6 Bc3 67. Kxf6
Ba1 68. d6 Bc3 69. Ne7 Ba1 70. Bf7 Bc3 71. Ng6# 1-0

[Event "PRO League Central 2017"]
[Site "chess.com INT"]
[Date "2017.01.25"]
[Round "3"]
[White "Villegas, Pierre"]
[Black "O'Donnell, Conor"]
[Result "1-0"]
[WhiteTitle "FM"]
[BlackTitle "FM"]
[WhiteElo "2363"]
[BlackElo "2342"]
[WhiteTeam "Cannes Blockbusters"]
[BlackTeam "Dublin Desperados"]
[WhiteFideId "654183"]
[BlackFideId "2504243"]
[EventDate "2017.01.11"]

1. d4 d5 2. c4 e6 3. Nc3 c6 4. e3 Nf6 5. Nf3 Nbd7 6. Qc2 b6 7. b3 Bb7 8. Bd3 Bd6
9. O-O O-O 10. Bb2 h6 11. Rfd1 Qe7 12. Rac1 Rad8 13. Qe2 Ba3 14. Bxa3 Qxa3 15.
e4 dxe4 16. Bxe4 Nxe4 17. Nxe4 Qe7 18. c5 Nf6 19. Nd6 Ne8 20. Ne4 Nf6 21. Nd6
Ne8 22. Nxe8 Rfxe8 23. b4 Rd5 24. Qe3 Red8 25. Ne5 b5 26. f4 Qc7 27. Qe4 Bc8 28.
Rc3 f6 29. Nf3 e5 30. fxe5 fxe5 31. Rcd3 Rf8 32. R3d2 Bf5 33. Qe3 e4 34. Ne5 Bh7
35. Rf1 Rxf1+ 36. Kxf1 Rd8 37. Rf2 a5 38. Qb3+ Rd5 39. Qh3 Qe7 40. Qc8+ Rd8 41.
Nxc6 Rxc8 42. Nxe7+ 1-0

[Event "PRO League Central 2017"]
[Site "chess.com INT"]
[Date "2017.01.25"]
[Round "3"]
[White "Adair, James R"]
[Black "Meier, Georg"]
[Result "0-1"]
[WhiteTitle "IM"]
[BlackTitle "GM"]
[WhiteElo "2480"]
[BlackElo "2630"]
[WhiteTeam "London Lions"]
[BlackTeam "Stockholm Snowballs"]
[WhiteFideId "406252"]
[BlackFideId "4675789"]
[EventDate "2017.01.11"]

1. e4 e6 2. d4 d5 3. Nc3 dxe4 4. Nxe4 Nd7 5. Nf3 Ngf6 6. Bd3 c5 7. O-O Nxe4 8.
Bxe4 Nf6 9. Bg5 cxd4 10. Nxd4 Be7 11. Bf3 O-O 12. Qd3 Qc7 13. Rfe1 Rd8 14. Rad1
a6 15. Bh4 Bd6 16. h3 h6 17. Bxf6 gxf6 18. Qe4 Bf8 19. c3 Bg7 20. Rd3 Rb8 21.
Red1 Bd7 22. Bh5 Be8 23. Qh4 Rd5 24. Rg3 Rg5 25. Rdd3 Kf8 26. f4 Rxg3 27. Qxg3
f5 28. Qe3 Rd8 29. Qd2 Rd6 30. Kh1 Bf6 31. g4 fxg4 32. Bxg4 Kg8 33. Bf3 Bg7 34.
Be4 b5 35. a3 Bxd4 36. Rxd4 Rxd4 37. Qxd4 Bc6 38. Kg2 Bxe4+ 39. Qxe4 Qd6 40. Qe3
Kf8 41. Kf3 Qd1+ 42. Qe2 Qh1+ 43. Kg3 Qc1 44. Kf3 Qb1 45. Kg3 Ke7 46. Qd2 Qe4
47. Kf2 a5 48. Kg3 a4 49. Kf2 h5 50. Kg3 f6 51. Qf2 Kf7 52. Qa7+ Kg6 53. Qf2 Kf5
54. Qd2 h4+ 55. Kxh4 Qxf4+ 56. Qxf4+ Kxf4 57. Kh5 e5 58. h4 e4 59. Kg6 e3 60. h5
e2 61. h6 e1=Q 62. h7 Qh4 0-1

[Event "PRO League Central 2017"]
[Site "chess.com INT"]
[Date "2017.01.25"]
[Round "3"]
[White "Adair, James R"]
[Black "Diamant, Andre"]
[Result "0-1"]
[WhiteTitle "IM"]
[BlackTitle "GM"]
[WhiteElo "2480"]
[BlackElo "2515"]
[WhiteTeam "London Lions"]
[BlackTeam "Stockholm Snowballs"]
[WhiteFideId "406252"]
[BlackFideId "2108356"]
[EventDate "2017.01.11"]

1. e4 c5 2. Nf3 g6 3. d4 cxd4 4. Nxd4 Nc6 5. c4 Bg7 6. Be3 Nf6 7. Nc3 d6 8. Be2
O-O 9. O-O Bd7 10. Nc2 Be6 11. f4 Rc8 12. f5 Bd7 13. g4 h6 14. h4 g5 15. hxg5
hxg5 16. c5 Ne5 17. cxd6 exd6 18. Qxd6 Nfxg4 19. Nd5 Rxc2 20. Bxg4 Nxg4 21. f6
Bh6 22. Rad1 Kh7 23. Qg3 Qb8 24. Qxb8 Rxb8 25. Bxa7 Ra8 26. Bd4 Be6 27. Nb4 Re2
28. Rfe1 Rxe1+ 29. Rxe1 Kg6 30. e5 Bf8 0-1